000 00178 a2200097 4500
020 _a9780545847285
041 _aspa
100 _aScholastic
245 _aLa exursion
942 _cK
999 _c30220
_d30218